Statystyki dla Flagi świata poziom 1-bardzo prosty

Kliknij tutaj aby rozwiązać quiz!

Ogólne statystyki

  • Ten quiz został rozwiązany 490 razy
  • Średni wynik to 11 z 12

Statystyki odpowiedzi

Odpowiedź% Poprawnych
Polska
100%
Francja
98%
Niemcy
98%
Stany Zjednoczone
98%
Brazylia
96%
Japonia
96%
Rosja
96%
Wielka Brytania
96%
Chiny
94%
Hiszpania
94%
Kanada
93%
Meksyk
85%

Rozkład punktacji

Percentyl według liczby udzielonych odpowiedzi

Procent ludzi z każdym wynikiem

Twoja historia wyników

Nie rozwiązałeś tego quizu